00969nam a2200217 a 450000100100000000500170001000800410002702000180006804000250008608200160011110000460012724500580017326000490023130000200028050000630030059000260036395201150038995201150050495201150061999900170073400004836720201002061112.0190213s2016 dr r 000 0 spa d a9789945500028 aDO-SdBNPbspacBNPHU axxxxbM111d1 aM. Bratini, José Ángel,d1987-97578110aDe leyendas :bpoesía /cJosé Ángel M. Bratini. aSanto Domingo :bEdiciones Ferilibro,c2016. a85 p. ;c20 cm. aIncluye datos biográficos del autor en la contracubierta aInventariado, 2019/BT 00107-18PDaGRbGRcOId2019-02-13iLF1l0oxxxx M111dp48367-30r2020-06-25w2020-06-25yLFPDZNo se presta 00107-18PDaPDbPDcOId2019-02-13iLF1l0oxxxx M111dp48367-10r2020-06-25w2020-06-25yLFPDZNo se presta 00107-18PDaPDbPDcOId2019-02-13iLF1l0oxxxx M111dp48367-20r2020-06-25w2020-06-25yLFPDZNo se presta c47855d47855